|
|
|
|
| LEADER |
01352nam a2200313 a 4500 |
| 001 |
2029 |
| 003 |
BD-DhAAL |
| 005 |
20151201191930.0 |
| 008 |
151201s1993 bg b f000 0bbeno |
| 010 |
|
|
|a 93902244
|
| 020 |
|
|
|a 9840727192 :
|c Tk140.00
|
| 040 |
|
|
|a DLC
|c DLC
|d DLC
|d BD-DhAAL
|
| 050 |
0 |
0 |
|a HN690.6.A8
|b S3565 1993
|
| 082 |
|
|
|a 361.1095492
|
| 100 |
1 |
|
|a শওকতুজ্জামান, সৈয়দ
|9 6782
|
| 245 |
1 |
0 |
|a বংলাদেশের সামাজিক সমস্যা :
|b স্বরূপ ও সমাধান /
|c সৈয়দ শওকতুজ্জামান.
|
| 250 |
|
|
|a 1st ed.
|
| 260 |
|
|
|a ঢাকা :
|b বাংলা একাডেমী,
|c ১৯৯৩.
|
| 300 |
|
|
|a ৩৯১ পৃ. ;
|c ২৪ সে.মি.
|
| 500 |
|
|
|a In Bengali; includes passages in English.
|
| 504 |
|
|
|a Includes bibliographical references (p. [361]-391).
|
| 520 |
|
|
|a Study on the social problems in Bangladesh and their remedies.
|
| 541 |
|
|
|e 2029
|
| 650 |
0 |
0 |
|a Social problems
|z Bangladesh.
|9 16588
|
| 651 |
|
0 |
|a Bangladesh
|x Social conditions.
|9 16589
|
| 651 |
|
0 |
|a Bangladesh
|x Social policy.
|9 16590
|
| 942 |
|
|
|2 ddc
|c BK
|
| 999 |
|
|
|c 36338
|d 36338
|
| 952 |
|
|
|0 0
|1 0
|2 ddc
|4 0
|6 361_109549200000000_BAN
|7 0
|9 57140
|a SCL
|b SCL
|c GEN
|d 2015-12-01
|g 140.00
|l 0
|o 361.1095492 BAN
|p 3020002029
|r 2015-12-01
|t 1
|w 2015-12-01
|y BK
|